| 000 | nam a22 a 4500 | ||
|---|---|---|---|
| 999 |
_c4659 _d4659 |
||
| 003 | AKMAL | ||
| 005 | 20170727104636.0 | ||
| 008 | 170727s2014 my | e l 000 0 may d | ||
| 020 |
_a9789677012339 (kkt.) : _cRM10.00 |
||
| 040 | _aBNM | ||
| 082 | 0 | 4 |
_a342.59502 MAL _222 |
| 090 | 0 | 0 |
_a342.59502 _bMAL |
| 110 | 1 |
_aMalaysia _9400 |
|
| 245 | 1 | 0 |
_aPerlembagaan Persekutuan berserta index : _b(semua pindaan hingga, Januari 2014) / _cdisusun oleh Penasihat Undang-Undang MDC |
| 250 | _aEd. 2014 Malaysia | ||
| 260 |
_aKuala Lumpur : _bMDC Publishers, _c2014 |
||
| 300 |
_axi, 225ms. ; _c19cm. |
||
| 490 | 1 | _aUndang-undang Malaysia | |
| 500 | _aMengandungi indeks | ||
| 650 | 1 | 0 |
_aConstitutional law _zMalaysia _9437 |
| 710 | 2 |
_aPenasihat Undang-Undang MDC _9405 |
|
| 830 | 0 |
_aUNDANG-UNDANG MALAYSIA _98975 |
|
| 942 |
_2ddc _cBOOK |
||
| 950 | _lAKMAL | ||